000 00747nam a2200253 i 4500
001 4430
003 BD-RjUL
005 20211208233906.0
008 131222r1982 mau b 001 0 eng d
020 _a0669957941
035 _a(BD-RjUL)4465
040 _aDLC
_cDLC
_dDLC
_d(BD-RjUL)
_beng
041 _aeng
082 0 0 _a339
_bMOM
100 1 _aMotley, Brian.
_914007
245 1 0 _aMoney, income, and wealth :
_bthe macroeconomics of a monetary economy /
_cBrian Motley.
260 _aLexington, Mass. :
_bHeath,
_cc1977. [Reprent 1982]
300 _axii, 402 p. :
_bill. ;
_c25 cm.
504 _aIncludes bibliographies and index.
650 0 _aMacroeconomics.
_914008
650 0 _aMoney.
_914009
942 _2ddc
_cBK
999 _c4430
_d4430